00362nam a2200133 a 450000500170000000800410001702000150005805000290007310000200010224500360012226000370015830000210019565000120021620140310183321.0060306s19uu xx 00 eng d a0553148052 aPS 3563.A72329b.F5 1982 aHomewood, Harry aFinal harbor /cHarry Homewood. aNew York :bBantam Books,c1982. a304 p. :c18 cm. aFiction